MARC
LEADER
00000nam0a2200000 4500
001
354161
005
20231102010650.0
035
|a (RuTPU)RU\TPU\retro\11419
090
|a 354161
100
|a 20200617d1972 km y0rusy50 ca
101
0
|a rus
102
|a RU
105
|a a z 001zy
200
1
|a Породы-коллекторы нефтяных месторождений
|f Академия наук СССР, Институт геологии и разработки горючих ископаемых ; под ред. Б. А. Тхостова, Г. Г. Мергасова
210
|a Москва
|c Изд-во ИГИРГИ
|d 1972
215
|a 156 с.
|c ил.
320
|a Библиогр. в конце ст.
606
1
|a Нефтяные пласты-коллекторы
|2 stltpush
|3 (RuTPU)RU\TPU\subj\46002
|9 65190
610
1
|a нефтяные месторождения
610
1
|a литологические особенности
610
1
|a карбонатные коллекторы
610
1
|a гранулярные коллекторы
610
1
|a разработка
610
1
|a неоднородности
610
1
|a влияние
610
1
|a коллекторские свойства
610
1
|a мезозойские отложения
610
1
|a Мангышлак
675
|a 552.578.2.061.4
|v 4
702
1
|a Тхостов
|b Б. А.
|4 340
702
1
|a Мергасов
|b Г. Г.
|4 340
712
0
2
|a Академия наук СССР
|b Институт геологии и разработки горючих ископаемых
|c (Москва)
|c (1958-????)
|2 stltpush
|3 (RuTPU)RU\TPU\col\13483
|9 25687
801
1
|a RU
|b 63413507
|c 20200617
801
2
|a RU
|b 63413507
|c 20201215
|g RCR
942
|c BK